Artemis Fowl : Trò lừa bịp Opal
Na minha lista:
| Autor principal: | |
|---|---|
| Formato: | Livro |
| Idioma: | Undetermined |
| Publicado em: |
Hà Nội
Văn hóa Thông tin
2006
|
| Assuntos: | |
| Tags: |
Adicionar Tag
Sem tags, seja o primeiro a adicionar uma tag!
|
| Thư viện lưu trữ: | Trung tâm Học liệu Trường Đại học Cần Thơ |
|---|
| LEADER | 00542nam a2200205Ia 4500 | ||
|---|---|---|---|
| 001 | CTU_123452 | ||
| 008 | 210402s9999 xx 000 0 und d | ||
| 020 | |c 56000 | ||
| 082 | |a 809.89 | ||
| 082 | |b C683 | ||
| 100 | |a Colfer, Eoin | ||
| 245 | 0 | |a Artemis Fowl : | |
| 245 | 0 | |b Trò lừa bịp Opal | |
| 245 | 0 | |c Eoin Colfer | |
| 260 | |a Hà Nội | ||
| 260 | |b Văn hóa Thông tin | ||
| 260 | |c 2006 | ||
| 650 | |a Children's literature, English | ||
| 904 | |i Nguyên | ||
| 980 | |a Trung tâm Học liệu Trường Đại học Cần Thơ | ||